Understanding and balancing mixed-use schemes: the key to creating successful communities (Record no. 117389)

MARC details
000 -LEADER
fixed length control field 01790cam a2200313 4500
001 - CONTROL NUMBER
control field ABS@61468
008 - FIXED-LENGTH DATA ELEMENTS--GENERAL INFORMATION
fixed length control field 040524n2004 000 0 eng u
035 ## - SYSTEM CONTROL NUMBER
System control number (Sirsi) u126266
100 ## - MAIN ENTRY--PERSONAL NAME
Personal name Anders, M.
245 ## - TITLE STATEMENT
Title Understanding and balancing mixed-use schemes: the key to creating successful communities
260 ## - PUBLICATION, DISTRIBUTION, ETC.
Date of publication, distribution, etc. 2004
490 ## - SERIES STATEMENT
Series statement Journal of Retail and Leisure Property
Volume/sequential designation 3(4) 2004, 353-364(12)
520 ## - SUMMARY, ETC.
Summary, etc. Investigates how mixed-use schemes can and should be integrated into the street scene without creating monolithic developments that cannot be broken down into varieties of scale and form. Dispels the simplistic definition of mixed-use and proposes that mixed-use can work just as effectively as a combination of single-sector uses, as long as the wider picture is appreciated, with developments needing to become more outward looking and creating a sense of place. Looks at how existing developments, particularly traditional shopping centres, can be augmented and improved, with the businesses themselves assisting in the regeneration process. Concludes that it is necessary to look holistically at urban strategies, to avoid taking an over-simplistic view of mixed-use schemes. Lists the key factors involved in achieving a balanced approach. Figures illustrate a range of mixed-use scheme options. [Taken from journal abstract].
590 ## - LOCAL NOTE (RLIN)
Local note ABS
590 ## - LOCAL NOTE (RLIN)
Local note ABS
650 ## - SUBJECT ADDED ENTRY--TOPICAL TERM
Topical term or geographic name entry element LOUGHBOROUGH
650 ## - SUBJECT ADDED ENTRY--TOPICAL TERM
Topical term or geographic name entry element LIVERPOOL
650 ## - SUBJECT ADDED ENTRY--TOPICAL TERM
Topical term or geographic name entry element NEWCASTLE
650 ## - SUBJECT ADDED ENTRY--TOPICAL TERM
Topical term or geographic name entry element BUSINESS IMPROVEMENT DISTRICTS
650 ## - SUBJECT ADDED ENTRY--TOPICAL TERM
Topical term or geographic name entry element THE GATE
650 ## - SUBJECT ADDED ENTRY--TOPICAL TERM
Topical term or geographic name entry element PARADISE STREET
650 ## - SUBJECT ADDED ENTRY--TOPICAL TERM
Topical term or geographic name entry element OUT-OF-TOWN RETAIL
650 ## - SUBJECT ADDED ENTRY--TOPICAL TERM
Topical term or geographic name entry element SPACE MANAGEMENT
650 ## - SUBJECT ADDED ENTRY--TOPICAL TERM
Topical term or geographic name entry element Sustainability
9 (RLIN) 6271
650 ## - SUBJECT ADDED ENTRY--TOPICAL TERM
Topical term or geographic name entry element STREET SCENE
650 ## - SUBJECT ADDED ENTRY--TOPICAL TERM
Topical term or geographic name entry element MIXED-USE DEVELOPMENTS
690 ## - LOCAL SUBJECT ADDED ENTRY--TOPICAL TERM (OCLC, RLIN)
Topical term or geographic name as entry element REGENERATION
942 ## - ADDED ENTRY ELEMENTS (KOHA)
Suppress in OPAC 0
Holdings
Withdrawn status Lost status Source of classification or shelving scheme Damaged status Not for loan Home library Current library Shelving location Date acquired Total Checkouts Full call number Barcode Date last seen Copy number Price effective from Koha item type
    Other/Generic Classification Scheme     London London Journal article 24/05/2004   ABS61468 126266-1001 06/08/2019 1 06/08/2019 Journal article